[Event "EU-Cup 24th"]
[Site "Kallithea"]
[Date "2008.10.23"]
[Round "7"]
[White "Huzman, Alexander"]
[Black "Carlsen, Magnus"]
[Result "0-1"]
[WhiteElo "2590"]
[BlackElo "2786"]
[Annotator "Krasenkow,M"]
[PlyCount "84"]
[EventDate "2008.10.17"]
[EventType "team-swiss"]
[EventRounds "7"]
[EventCountry "GRE"]
[SourceTitle "CBM 127"]
[Source "ChessBase"]
[SourceDate "2008.11.13"]
[SourceVersion "1"]
[SourceVersionDate "2008.11.13"]
[SourceQuality "1"]
[WhiteTeam "Beer Sheva"]
[BlackTeam "Erevan MIKA"]
[WhiteTeamCountry "ISR"]
[BlackTeamCountry "ARM"]

1. d4 Nf6 2. c4 e6 3. Nf3 b6 4. g3 Ba6 5. Qc2 Bb4+ 6. Bd2 Be7 7. e4 d5 8. cxd5
Bxf1 9. Kxf1 exd5 10. e5 Ne4 11. Nc3 Nxc3 12. bxc3 Qd7 13. Kg2 Nc6 14. c4 Nd8 {
This line was examined in CBM 120, annotations to Ni Hua - Tomashevsky. Since
then several important games have been played. Some of them saw other plans
for Black:} (14... Rd8 15. Rhd1 O-O 16. Rac1 dxc4 17. Qxc4 Nxd4 18. Be3 c5 19.
Bxd4 cxd4 20. Rxd4 Qe8 21. Rcd1 Rxd4 22. Qxd4 Bc5 23. Qe4 h6 24. Nh4 Qe6 25.
Rd2 Re8 26. f4 a5 (26... f6 27. Rd5 Qc6 28. Nf3 f5 29. Qd3 $14 {1-0 Vescovi,G 
(2609)-Fier,A (2499)/Sao Paulo 2007/CBM 118 ext (77)}) 27. Nf3 g6 28. h4 Bb4
29. Rd5 Qg4 30. Nh2 Qe6 31. h5 f5 32. Qc4 gxh5 33. Nf3 $36 {1/2 Romanov,E 
(2515)-Wang Hao (2643)/Yerevan 2007/CBM 120 ext (41)}) (14... O-O-O 15. Rac1 (
15. Rhc1 Kb7 16. Qb3 g5 $5 17. h3 h5 18. cxd5 Qxd5 19. Qxd5 Rxd5 20. Bxg5 Bxg5
21. Nxg5 f6 22. Nf3 fxe5 23. dxe5 Nxe5 24. Nxe5 Rxe5 25. f4 Re3 26. Rf1 Rg8 27.
Rf3 Re2+ 28. Rf2 Re3 29. Rf3 {1/2 Miton,K (2580)-Socko,B (2627)/Karpacz POL
2008/The Week in Chess 724 (29)}) 15... Kb7 16. Qb3 h5 (16... dxc4 17. Rxc4 Nb8
18. Rhc1 c6 19. Ne1 (19. Ra4 $5 $36) (19. Bb4 $5 $36) 19... Ka8 20. Be3 h5 21.
h3 Qd5+ 22. Kh2 h4 23. g4 f6 $132 {0-1 Miton,K (2609)-Socko,B (2635)/Lublin
2008/CBM 123 (65)}) (16... g5 $5 {-cf. 17.Rhc1}) 17. h3 (17. h4 $142) 17... f6
$6 (17... g5 $1) 18. Rhe1 (18. e6 $1 Qxe6 $140 19. Rhe1 Qf7 20. cxd5 Qxd5 21.
Qxd5 Rxd5 22. Rxc6 Kxc6 23. Rxe7 $16) 18... fxe5 19. dxe5 Qe6 20. c5 Rhf8 $14 {
1-0 Jankovic,A (2532)-Lenic,L (2584)/Sibenik CRO 2008/The Week in Chess 726 
(32)}) 15. cxd5 $146 {[%mdl 8]} (15. Qb3 $5 c6 16. Rhc1 (16. a4 O-O 17. cxd5
cxd5 18. Qb5 Qxb5 19. axb5 Ne6 20. Rhc1 Rfd8 21. Rc6 Kf8 22. Be3 $14 {1/2
Parligras,M (2588)-Grigorov,G (2465)/Bucharest ROU 2008/The Week in Chess 723})
16... Ne6 17. Rab1 O-O 18. cxd5 Qxd5 19. Qxd5 cxd5 20. Rb5 Rfd8 21. a4 Rd7 22.
Kf1 f6 23. Be3 Kf7 24. Ke2 Rb8 25. Ne1 (25. a5 $1) 25... a6 26. Rb3 fxe5 27.
Nd3 exd4 28. Ne5+ Ke8 29. Nxd7 Kxd7 $13 {1/2 Sakaev,K (2634)-Tomashevsky,E 
(2646)/Serpukhov 2007/EXT 2008 (37)}) (15. Be3 c6 16. a4 Ne6 17. Rhc1 O-O 18.
cxd5 cxd5 19. Qb3 Rfc8 20. Ne1 f5 21. Nd3 g5 22. Qb5 Qxb5 23. axb5 Rc7 24. h3
Kf7 $11 {1/2 Atalik,E (2432)-Zhao Xue (2518)/Kallithea GRE 2008/The Week in
Chess 729 (64)}) (15. e6 $5 {The most principled reply.} fxe6 16. Ne5 Qd6 $1 (
16... Qc8 $2 17. Qa4+ b5 18. cxb5 O-O 19. Rhc1 Qb7 20. Qa6 Bd6 21. Ba5 Rc8 22.
Nd3 Rf7 23. Rc3 Kf8 24. Rac1 $16 {1-0 Ni Hua (2681)-Tomashevsky,E (2654)/
Nizhniy Novgorod 2007/CBM 120/[Krasenkow] (35)}) 17. Qa4+ c6 18. c5 bxc5 19.
Bf4 O-O 20. dxc5 Qxc5 21. Nd7 Rxf4 $1 22. Qxf4 Qd6 23. Qxd6 Bxd6 24. Rhc1 Kf7
25. f4 Ke7 $11 {0-1 Kourousis,E (2191)-Tomashevsky,E (2658)/Plovdiv 2008/CBM
124 (32)}) {The text move is a fresh attempt to prevent Black's consolidation.}
15... Qxd5 16. Qa4+ (16. Qxc7 Ne6 (16... Nc6 $143 17. Be3 O-O 18. Rhc1 Rac8 19.
Qb7) 17. Qc3 Rd8 18. Be3 g5 19. h3 f5 $44) 16... c6 (16... b5 $6 17. Qb3 {
serious weakens Black's queenside.}) 17. Rhc1 Kd7 $5 {Very bold. Black wants
to play ...Nd8-e6 at any cost.} (17... O-O 18. Qc4 $14) 18. Bb4 (18. Rc3 $5 Ne6
19. Rac1 Rhc8 20. Be3 g5 $140 21. Kg1 $1 {[%cal Yf3d2]} Qxf3 $2 22. d5 $1 $40)
18... b5 19. Qa3 Bxb4 20. Qxb4 a5 21. Qb3 Ne6 $11 22. Rxc6 $5 {[%mdl 512] An
interesting exchange sacrifice.} Qxc6 23. d5 Qc4 24. dxe6+ Kxe6 $5 (24... fxe6
$6 25. Rd1+ Ke7 26. Qe3 $44 {[%cal Re3g5,Rd1c1]}) 25. Nd4+ $6 (25. Qe3 $5 $44)
25... Kd5 $1 {Steinitz would be delighted! White can't mate this centralized
king and will be glad if he finds a perpetual.} 26. Qf3+ (26. Qa3 $144 $5 Kxd4
(26... Qxd4 $4 27. Qd6+) (26... b4 27. Qf3+ Kxd4 28. Qf4+ {- the black queen
is not protected now!}) 27. Rc1 $1 (27. Rd1+ $143 Ke4 $1) 27... Rac8 (27... Qb4
$6 28. Qe3+ Kd5 29. Qd3+) (27... Rhc8 28. Rxc4+ bxc4 29. Qe3+ Kd5 30. Qf3+ Ke6
31. Qg4+ Ke7 32. Qxg7 $11) 28. Rxc4+ bxc4 {and Black can hardly avoid a
perpetual:} 29. Qd6+ (29. Qe3+ Kd5 30. Qf3+ {is possible, too}) 29... Kc3 (
29... Ke4 30. e6 $1) 30. Qa3+ Kc2 31. Qa4+ Kb2 32. Qxa5 c3 33. Qb4+ Ka1 34. a4
c2 35. Qa3+ Kb1 36. Qb3+ {etc.}) 26... Kxd4 27. Qe3+ $2 {This obvious check is
the decisive mistake.} (27. Re1 $1 {[%cal Re1e4]} Kc5 ({White should survive
after} 27... Rac8 28. Re4+ Kc5 29. Rxc4+ bxc4 30. Qa3+ {, too}) 28. Qe3+ Kd5 (
28... Kc6 29. Rc1) (28... Kb4 29. Qd2+ Ka4 30. Qd1+) (28... Qd4 29. Rc1+ Kd5
30. Qb3+ Kxe5 31. Re1+ Kf6 32. Qf3+ Kg6 (32... Kg5 33. Rd1 $1) 33. Re4 Qf6 34.
Rf4 $11) 29. e6 $1 {and White's attack should be sufficient for a draw.}) 27...
Kd5 28. Rd1+ ({Of course, not} 28. e6 $4 Qe4+) 28... Ke6 29. Rd6+ Ke7 30. Qg5+
Ke8 {The black king has come back home.} 31. e6 Rc8 $1 (31... fxe6 32. Qxg7)
32. exf7+ $2 (32. h4 $1 {, creating a safeheaven for the king, was more
stubborn. Black had the only, absolutely phantastic, way to win (indicated by
GM A.Huzman):} fxe6 $1 (32... Qe4+ 33. Kh2 Qe2 34. Kg2 {gives nothing}) 33.
Qxg7 Rg8 $3 34. Qxh7 {[%cal Yg2h2,Yd6d7]} (34. Qd7+ Kf8 35. Rxe6 Rg7) (34.
Qxg8+ Ke7) 34... Rg4 $3 {[%cal Rc4e4]} 35. Kh3 Rf4 $3 (35... Rc7 36. Qh8+ Kf7
$3 37. Rd8 Qc5 $3 {also wins}) 36. gxf4 Qf1+ 37. Kg4 Qg2+ 38. Kh5 Qf3+ 39. Kg5
Rc5+ $19) {After the text move Black wins without brilliancies although he
must play accurately.} 32... Qxf7 33. Rd3 (33. Qxb5+ Kf8 34. Rd7 Qe6 $19) 33...
Qb7+ 34. Kh3 Rf8 35. Qh5+ Ke7 36. Re3+ Kd8 37. Rd3+ Kc7 38. Rd5 Rce8 39. Rc5+ (
39. Rxb5 Qc8+ 40. g4 Rf6 $19) 39... Kd6 40. Rxb5 Qc8+ 41. Kh4 Qc4+ 42. g4 Qd4
0-1

[Event "Bundesliga 0607"]
[Site "Germany"]
[Date "2007.02.25"]
[Round "11.2"]
[White "Navara, David"]
[Black "Goloshchapov, Alexander"]
[Result "1-0"]
[WhiteElo "2725"]
[BlackElo "2555"]
[Annotator "Krasenkow,M"]
[PlyCount "79"]
[EventDate "2006.10.28"]
[EventType "team-tourn"]
[EventRounds "15"]
[EventCountry "GER"]
[SourceTitle "CBM 118"]
[Source "ChessBase"]
[SourceDate "2007.05.31"]
[SourceVersion "1"]
[SourceVersionDate "2007.05.31"]
[SourceQuality "1"]
[WhiteTeam "Bindlach"]
[BlackTeam "Remagen"]
[WhiteTeamCountry "GER"]
[BlackTeamCountry "GER"]

1. d4 Nf6 2. c4 e6 3. Nf3 b6 4. g3 Ba6 5. b3 Bb4+ 6. Bd2 Be7 7. Nc3 O-O 8. Rc1
d5 9. cxd5 Nxd5 10. Bg2 Ba3 {This move, deflecting the white rook from c1, is
a "Ukrainian speciality". The question is whether White can trap this bishop
later on.} 11. Rb1 Bb7 12. O-O (12. Nxd5 Bxd5 13. b4 {is premature due to} a5
14. bxa5 Nc6 $1 15. O-O (15. axb6 cxb6 {[%cal Rd5a2]}) 15... Nxa5 16. Qc2 Nc4
17. Bb4 Bxb4 18. Rxb4 Nd6 19. a4 Ra5 20. Nd2 c5 21. dxc5 Rxc5 22. Qb1 Bxg2 23.
Kxg2 b5 $11 {1/2-1/2 Van Wely,L-Efimenko,Z/Germany 2006/CBM 112 (50)}) (12. Nb5
{is a loss of time, after which Black has no problems:} Be7 13. O-O a6 14. Nc3
Nd7 15. Nxd5 Bxd5 16. Rc1 Rc8 17. Bf4 c5 18. Qd3 cxd4 19. Qxd4 Bc5 20. Qd3 Nf6
21. Ne5 Bxg2 22. Kxg2 Nd5 $11 {1/2-1/2 Lputian,S-Eljanov,P/Sochi 2006/CBM 111
ext (31)}) 12... Nd7 ({Perhaps} 12... Be7 {makes sense as the white rook has
nothing to do on b1 anyway:} 13. Qc2 Nb4 14. Qb2 a5 15. Rfd1 Nd7 16. Rbc1 Nf6
17. Bf4 Bd6 18. Bxd6 cxd6 19. Qb1 Rc8 20. Ne1 Bxg2 {1/2-1/2 Maric,A-Bojkovic,N/
Saint Vincent 2005/CBM 108 ext}) 13. Nxd5 Bxd5 14. b4 $1 {Now it is quite
timely. To free his bishop, Black must weaken his pawn structure.} a5 15. bxa5
bxa5 (15... Nf6 16. axb6 cxb6 17. Bg5 $5) 16. Qc2 (16. Be3 $5 Be7 $140 17. Qc2
Nf6 18. Ng5) 16... Nf6 17. Bg5 Be4 $1 18. Qxe4 Nxe4 19. Bxd8 Raxd8 {[%cal
Yc7c5]} 20. Rb3 Bd6 21. Rb2 c5 (21... Rb8 $5 22. Rc2 Rb4 $14) 22. Rc2 $1 {
White skilfully keeps tension in the position.} g6 $2 {A strange move leading
to a lost position.} (22... cxd4 23. Nxd4 Nf6 24. Nc6 $16 Ra8 $140 25. Rd1) (
22... f5 $142 23. dxc5 Bxc5 (23... Nxc5 24. Nd4) 24. Ne5 $14) 23. e3 {[%cal
Yf1c1] White is not hurrying to win a pawn by} (23. Ne1 f5 24. Bxe4 fxe4 25.
dxc5 {as Black can't prevent material losses anyway.}) (23. Rfc1 {was
premature due to} cxd4 24. Nxd4 Ba3) 23... c4 (23... f5 24. Rfc1 cxd4 25. Nxd4
Ba3 26. Nxe6 $1 Bxc1 27. Nxd8 Rxd8 28. Rxc1 $18) 24. Ne5 $1 (24. Rxc4 $143)
24... Bxe5 25. dxe5 Nd2 26. Rd1 Nb3 {Desperation. Of course, White ignores
this sacrifice.} 27. Rd6 (27. Rxd8 $2 Rxd8 28. axb3 $2 cxb3 $15 {[%csl Ga5,Gb3]
}) 27... Rc8 28. Bf1 a4 29. Rxc4 Rxc4 30. Bxc4 $18 Na5 31. Bf1 Ra8 32. f4 a3
33. Ra6 Rxa6 34. Bxa6 Kf8 35. Kf2 Ke7 36. Ke2 Kd7 37. Bb5+ Kc7 38. Kd3 Kb6 39.
Be8 Nb3 40. Kc2 1-0

[Event "Olympiad-40"]
[Site "Istanbul"]
[Date "2012.09.01"]
[Round "5.1"]
[White "Aronian, Levon"]
[Black "Ivanchuk, Vassily"]
[Result "1-0"]
[WhiteElo "2816"]
[BlackElo "2769"]
[Annotator "Krasenkow,M"]
[PlyCount "83"]
[EventDate "2012.08.28"]
[EventType "team-swiss"]
[EventRounds "11"]
[EventCountry "TUR"]
[SourceTitle "CBM 151"]
[Source "ChessBase"]
[SourceDate "2012.11.13"]
[SourceVersion "1"]
[SourceVersionDate "2012.11.13"]
[SourceQuality "1"]
[WhiteTeam "Armenia"]
[BlackTeam "Ukraine"]
[WhiteTeamCountry "ARM"]
[BlackTeamCountry "UKR"]

1. Nf3 Nf6 2. c4 e6 3. d4 b6 4. g3 Ba6 5. b3 Bb4+ 6. Bd2 Be7 7. Nc3 Bb7 8. Bg2
O-O 9. O-O Na6 10. d5 {[%mdl 512] A rare (in this position; generally it is
typical for the QI Defence) but quite dangerous pawn sac.} (10. Bc1 {[%cal
Yc1b2] and}) (10. Ne5 {are common moves.}) 10... exd5 11. Nd4 Bc5 $146 (11...
c6 12. cxd5 Nxd5 (12... cxd5 13. Nf5 Nc5 14. Nxe7+ Qxe7 15. Bg5 Nce4 16. Nxd5
Bxd5 17. Qxd5 Nxg5 18. Qxg5 Rac8 19. Qd2 $14 {0-1 Saldano Dayer,H (2419)
-Pogorelov,R (2449)/Albacete 2003/CBM 096 ext (43)}) 13. Nxd5 cxd5 14. Nf5 Re8
15. Bf4 Bf8 16. Bxd5 Bc6 (16... Bxd5 17. Qxd5 Qf6 18. Ne3 Nc5 {1-0 Kantsler,B 
(2539)-Psakhis,L (2564)/Israel 1999/EXT 2000 (32)} 19. Rac1 $14) 17. Nd6 Bxd6
18. Bxd6 Qg5 19. e4 (19. Bg2 $142 $14) 19... Bxd5 20. Qxd5 Qxd5 21. exd5 Nc5
22. Bxc5 bxc5 23. Rfe1 d6 24. f4 Kf8 25. Kf2 a5 26. Rxe8+ {1/2 Stummer,W (2456)
-Myers,D (2406)/LSS 2006/Telechess CBM 123}) 12. Nc2 (12. Nf5 $5 Ne4 13. Nxd5
Bxd5 14. cxd5 Nxf2 15. Qc2 Ne4+ 16. Kh1 Nxd2 17. Qxd2 $14 {[%csl Ra6]}) 12...
c6 13. cxd5 cxd5 14. Bg5 Nc7 15. Ne3 d4 $6 (15... Bxe3 {was quite possible, e.
g.} 16. fxe3 (16. Bxe3 Ne4) 16... Qe8 17. Bxf6 (17. Rxf6 gxf6 18. Bh6 Qe5)
17... Qxe3+ 18. Rf2 gxf6 19. Nxd5 Nxd5 20. Bxd5 Bc6 $11 {The damage to Black's
kingside pawns is not decisive in this line. In the game he can't avoid it in
a much inferior situation.}) (15... Be7 $143 16. Rc1 Rc8 17. Bxf6 Bxf6 18.
Ncxd5 $14 {[%csl Gd5]}) 16. Bxb7 Rb8 17. Ng4 $1 dxc3 (17... Be7 $2 18. Bxf6
Bxf6 19. Nxf6+ Qxf6 $2 20. Nd5 {, and White keeps an extra piece.}) 18. Bxf6
gxf6 19. Be4 d5 20. Bc2 f5 21. Nh6+ Kh8 22. Nxf5 $16 {[%csl Rh8] Black's
passed c3-pawn is safely blocked and doesn't compensate for the weakness of
his king.} Qf6 23. a3 a5 24. Qd3 (24. b4 $142 $1 axb4 25. axb4 Bxb4 26. Ra4 Bc5
27. Rh4 $40) 24... Rg8 (24... b5 {doesn't help as White prevents ...b5-b4:} 25.
b4 $1 axb4 26. axb4 Bxb4 27. Rfb1 Bc5 28. Nd4 Qh6 29. Qxc3 Bxd4 30. Qxd4+ Qg7
31. Qc5 $16) (24... Ra8 $1 {was a subtle and stubborn defence controlling the
a-file in case of b3-b4. Of course, Black's position remained difficult after}
25. Rfd1 ({or even} 25. Rfb1 $5 {[%cal Yb3b4]})) 25. b4 $1 axb4 (25... Bf8 26.
Nd4 Rg7 27. Qxc3 {winning a pawn.}) 26. axb4 Bxb4 27. Ra7 $1 $18 Ne6 28. Ne7
Qg7 (28... Rg7 29. Nxd5 $18) 29. Nxg8 Kxg8 30. Qxd5 Bc5 31. e3 b5 32. Ra8 Rxa8
33. Qxa8+ Qf8 34. Qe4 Qh6 35. Ra1 b4 36. Ra5 Bf8 37. Qg4+ Qg7 38. Qh4 h6 39.
Ra8 Nc7 40. Rxf8+ $1 Qxf8 41. Qg4+ Kh8 42. Qf5 1-0

[Event "Norway Chess 2nd"]
[Site "Stavanger"]
[Date "2014.06.04"]
[Round "2"]
[White "Aronian, Levon"]
[Black "Karjakin, Sergey"]
[Result "1-0"]
[WhiteElo "2815"]
[BlackElo "2771"]
[Annotator "Krasenkow,M"]
[PlyCount "109"]
[EventDate "2014.06.03"]
[EventType "tourn"]
[EventRounds "9"]
[EventCountry "NOR"]
[EventCategory "21"]
[SourceTitle "CBM 161"]
[Source "ChessBase"]
[SourceDate "2014.07.16"]
[SourceVersion "1"]
[SourceVersionDate "2014.07.16"]
[SourceQuality "1"]

1. d4 Nf6 2. c4 e6 3. Nf3 b6 4. g3 Ba6 5. b3 Bb4+ 6. Bd2 Be7 7. Nc3 c6 8. e4 d5
9. Qc2 dxe4 10. Nxe4 Bb7 {This line was examined by GM D.Tyomkin in CBM 107 
(annotations to Topalov - Anand).} 11. Bc3 {An interesting although hardly
promising move order. White postpones the decision regarding his f1-bishop and
makes a useful move. Practice has seen:} (11. Bg2 $6 c5 12. Neg5 O-O 13. dxc5
h6 14. Nh3 Be4 15. Qb2 {1/2 (52) Seirawan,Y (2565)-Browne,W (2570) South Bend
1981} Qc8 $1 {[%cal Yc8b7,Gb7g2]}) (11. Bd3 Nbd7 {[%cal Yc6c5]} 12. O-O-O Nxe4
13. Bxe4 Nf6 14. Rhe1 O-O $15 {0-1 (31) Ribli,Z (2585)-Hort,V (2620) Tilburg
1978 MCL [Ftacnik,L]}) (11. Neg5 $5 c5 12. d5 exd5 13. cxd5 h6 (13... O-O $5)
14. Nxf7 $1 Kxf7 15. O-O-O Bd6 16. Nh4 Bc8 17. Re1 Na6 18. Re6 $1 $44 {1-0 (52)
Topalov,V (2778)-Anand,V (2785) Sofia 2005 CBM 159 [Tyomkin,D]}) 11... Nbd7 {
Probably a bit too slow.} (11... c5 $5 12. Bd3 cxd4 (12... Nbd7 13. O-O cxd4
14. Bxd4 Nc5 15. Bxc5 bxc5 16. Rad1 Nd7 17. Ned2 Nf6 18. Ne4 Nd7 19. Qe2 Qc7
20. Nc3 {1/2 (20) Rashkovsky,N (2520)-Van der Wiel,J (2465) Sochi 1980}) (12...
Nc6 13. dxc5 bxc5 14. O-O Qc7 $11 {0-1 (17) Barczay,L (2445)-Schneider,A (2365)
Budapest 1982}) 13. Nxd4 Na6 $1 (13... Nbd7 14. O-O-O Nc5 (14... a6 $6 15. Rhe1
Qc7 {0-1 (44) Malakhatko,V (2550)-Arab,A (2428) Algiers 2012} 16. Ng5 $40) 15.
Nxf6+ Bxf6 16. Rhe1 Bxd4 17. Bf1 O-O 18. Rxd4 Qe7 19. b4 Nd7 {1-0 (29) Borges
Mateos,J (2475)-Berzinsh,R (2438) Banyoles 2000} 20. Qd2 Nf6 21. Rh4 $40 {
[%cal Yd2g5]}) 14. Nxf6+ (14. O-O-O $6 Nb4) 14... Bxf6 15. Be4 Bxe4 16. Qxe4
O-O (16... Nc5 17. Qc6+ Nd7 18. O-O-O Qc8 19. Kc2 Bxd4 20. Qxc8+ Rxc8 21. Rxd4
f6 22. Rhd1 $14 {1/2 (33) Malakhatko,V (2600)-Wang,Y (2698) Gibraltar 2008})
17. Rd1 Nc5 18. Qf3 Qc7 19. O-O Qb7 20. Qxb7 Nxb7 21. Bb4 Rfc8 22. Rd2 a5 23.
Ba3 a4 24. Nb5 axb3 25. axb3 Nc5 $11 {1/2 (87) Van Wely,L (2655)-Carlsen,M 
(2646) Schagen 2006}) 12. Nxf6+ (12. Bg2 c5 13. Nxf6+ (13. Ned2 cxd4 14. Bxd4
Bc5 15. Bc3 Qe7 16. O-O Bb4 $11 {1/2 (64) Tosic,M (2450)-Lengyel,L (2375)
Budapest 1990}) 13... Bxf6 14. dxc5 Nxc5 15. Rd1 Qe7 16. O-O O-O 17. Bxf6 Qxf6
18. Nd4 Bxg2 19. Kxg2 e5 20. Nb5 $14 {1-0 (36) Popov,L (2465)-Deze,A (2380)
Novi Sad 1980}) 12... Bxf6 13. Bd3 ({For} 13. Bg2 c5 {see the previous note.})
13... c5 14. Be4 Bxe4 15. Qxe4 O-O 16. O-O Qc7 17. Rad1 {The position looks
equal but White keeps some pressure.} a6 18. Rfe1 Rfd8 19. Qe3 cxd4 20. Bxd4 h6
(20... b5 21. c5 {[%csl Gc5]} Bxd4 22. Rxd4 Nxc5 $4 23. Rxd8+ Rxd8 24. Rc1) 21.
Bxf6 Nxf6 22. Ne5 b5 23. Rc1 bxc4 (23... Qb7 $5 24. c5 Rd5) 24. Rxc4 Qd6 25.
Qf3 Qd5 26. Kg2 a5 27. Ra4 Ra6 28. Re3 Rf8 29. Rc4 a4 $6 {Not a good idea - to
give White a passed pawn.} (29... Qd6 $14 {[%cal Yf6d5]}) 30. b4 $1 a3 31. Qxd5
Nxd5 32. Rb3 Rfa8 33. b5 Rb6 34. Nd7 (34. Rc5 $142 {[%cal Yc4e5]}) 34... Rb7
35. Nc5 Rb6 36. Na6 Kf8 37. Nc7 Ra5 (37... Rd8 38. Rc5 $16) 38. Nxd5 exd5 {
[%mdl 4096]} 39. Rc5 Ke7 40. Rxd5 Ke6 41. Rc5 Rb7 $2 {This move allows White's
passed pawn to move forward.} (41... g6 $142 $16) 42. Re3+ Kf6 (42... Kd6 43.
Ree5 {[%csl Rd6]}) 43. Rc6+ Kf5 44. b6 f6 (44... Rb5 45. Rxa3 R5xb6 46. Rf3+
Ke5 47. Rxb6 Rxb6 48. Rxf7 $18) 45. Rc7 (45. Rb3 $5 {followed by advancing the
kingside pawns.}) 45... Rxc7 (45... Rxb6 $142 46. Rxg7 h5 47. h3 Ra4 48. Kf3
Rbb4 49. Ree7 $1 Rc4 50. Rh7 Rc3+ 51. Kg2 Rc2 52. Rxh5+ Kg6 53. Rhh7 {[%cal
Rg3g4] - still, White should win here as well.}) 46. bxc7 Rc5 47. Re7 g5 48.
Kf3 {Without obstacles White's king marches to support the c7-pawn.} Rc3+ 49.
Ke2 Kg4 50. Kd2 Rc6 51. Kd3 Kh3 52. Kd4 Kxh2 53. Kd5 Rc2 54. Kd6 Kg2 55. Rf7 (
55. Rf7 Kxf2 56. Rxf6+ Kxg3 57. Rxh6 g4 58. Rh5 {[%cal Rh5c5]} Rxc7 59. Kxc7
Kf2 60. Rf5+ Ke2 61. Ra5 $18) 1-0

[Event "Norway Chess 2nd"]
[Site "Stavanger"]
[Date "2014.06.03"]
[Round "1"]
[White "Aronian, Levon"]
[Black "Agdestein, Simen"]
[Result "1/2-1/2"]
[WhiteElo "2815"]
[BlackElo "2628"]
[Annotator "Krasenkow,M"]
[PlyCount "81"]
[EventDate "2014.06.03"]
[EventType "tourn"]
[EventRounds "9"]
[EventCountry "NOR"]
[EventCategory "21"]
[SourceTitle "CBM 161"]
[Source "ChessBase"]
[SourceDate "2014.07.16"]
[SourceVersion "1"]
[SourceVersionDate "2014.07.16"]
[SourceQuality "1"]

1. d4 Nf6 2. c4 e6 3. Nf3 b6 4. g3 Ba6 5. b3 Bb7 6. Bg2 Bb4+ 7. Bd2 a5 8. Nc3
O-O 9. O-O d6 10. Qc2 Nbd7 11. Rfe1 Bxc3 12. Bxc3 Be4 13. Qb2 {This classical
variation has been examined in several CBM issues including CBM 56 
(annotations to Van Wely - Karpov) and CBM 124 (annotations to Radjabov -
Ivanchuk).} c6 {The most popular move. Black continues his fight for the light
squares started with 11...Bxc3 and 12...Be4. Other options and recent games:} (
13... Qb8 14. Bf1 b5 $5 {(a recent attempt by Peter Wells)} 15. cxb5 Qxb5 16.
Nd2 d5 17. Nxe4 (17. f3 $5 Bg6 18. e4) 17... Nxe4 18. Rec1 a4 19. e3 Qb8 20.
bxa4 Rxa4 21. Qb5 Nxc3 22. Rxc3 Nb6 23. Bd3 g6 24. a3 Qa7 25. Qc5 Ra8 $11 {
1/2 (33) Hawkins,J (2423)-Wells,P (2488) Canterbury 2010}) (13... a4 14. Nd2
Bxg2 15. Kxg2 c5 16. e4 cxd4 17. Bxd4 Qc7 18. Rad1 axb3 19. axb3 Rfb8 20. Ra1
Rxa1 21. Rxa1 e5 22. Be3 h6 23. Qb1 {1/2 (23) Benkovic,P (2448)-Pavlovic,M 
(2522) Lenk 2008}) (13... Re8 $5 14. Bf1 h6 15. Nd2 Bb7 16. e4 e5 17. d5 Nc5
18. h3 c6 19. Re3 cxd5 20. cxd5 Ba6 21. a4 Bxf1 22. Rxf1 Qd7 23. Kg2 b5 $132 {
0-1 (28) Damaso,R (2441)-Fernando,D (2449) Almada 2008}) 14. Rac1 (14. Bf1 b5
15. Rad1 Nb6 16. c5 Nbd5 17. Bd2 Bxf3 18. exf3 dxc5 19. dxc5 Qe7 20. Rc1 Nd7
21. f4 Qf6 $11 {1/2 (41) Shimanov,A (2639)-Almasi,Z (2695) Legnica 2013}) (14.
a4 Qe7 15. Nd2 Bxg2 16. Kxg2 c5 17. e4 cxd4 18. Bxd4 e5 19. Be3 Nc5 20. Qc2 h6
21. Rad1 Rad8 22. f3 Qe6 23. Nb1 Ne8 {1/2 (23) Mamedyarov,S (2717)-Akopian,V 
(2712) Mainz 2009}) (14. Nd2 $5 Bxg2 15. Kxg2 b5 16. Qc2 Qe7 (16... a4 $5) 17.
e4 e5 18. cxb5 cxb5 19. Qd3 Rfb8 20. Rac1 $14 {1/2 (36) Lev,R (2398)-Bar,R 
(2449) Israel 2010}) 14... h6 (14... Qe7 15. Bf1 d5 16. Bd2 Rfc8 17. Bf4 c5 (
17... a4 $142) 18. cxd5 exd5 19. Bh3 Re8 20. Nd2 $14 {1-0 (41) Halkias,S (2570)
-Antic,D (2518) Kragujevac 2009}) 15. Bf1 b5 {[%mdl 32] This plan is more
strategically ambitious than ...d6-d5 with a simple position and a minimal
edge for White.} 16. Bd2 bxc4 17. bxc4 (17. Rxc4 Nb6 18. Rcc1 a4 {can be
dangerous for White due to Black's total control over the light squares.})
17... Re8 18. Red1 Qc7 19. Qa3 c5 20. dxc5 dxc5 21. Ne1 {A logical idea: White
intends to push away Black's bishop with f2-f3 and then play e2-e4 while the
knight goes to d3.} Bb7 22. f3 e5 {A good response.} 23. e4 {This yields the
d4-square to Black's knight.} (23. Rb1 $5 e4 24. f4 {was more ambitious.})
23... Nf8 24. Ng2 Ne6 25. Ne3 Nd4 26. Nd5 Qd6 $11 27. Kg2 Nd7 28. Rb1 Reb8 29.
Kf2 (29. Bc3 $142 {[%cal Rc3d4] A.Tukhaev} Qf8 $13) 29... Bc6 30. Bc3 {It
would be dangerous for White to capture the a5-pawn:} (30. Rxb8+ Rxb8 31. Bxa5
(31. Qxa5 Ra8 32. Qc3 Rxa2 $36) 31... Ra8 $36 {[%cal Ga8a3,Yf7f5]}) 30... Rb4
$1 {[%mdl 512] A typical exchange sacrifice, which White would do better to
decline.} 31. Bxb4 $6 (31. Bd3 $142 $13) 31... axb4 32. Qb2 Bxd5 33. cxd5 Nb6 {
Black's powerful knights guarantee him the upper hand.} 34. Rbc1 Na4 35. Qd2
Nc3 {Immediately restoring the material balance, which was not forced:} (35...
Qf6 $5 36. Be2 g5 $36) 36. Rxc3 bxc3 37. Qxc3 Rxa2+ 38. Rd2 Rxd2+ (38... Ra4 $5
{Black's powerful knight gives him good chances to fight for a win.}) 39. Qxd2
Qb6 40. Bc4 g5 41. Kg2 $15 {After the rook exchange White's defensive
possibilities have increased but still Black could have played on without
major risk.} 1/2-1/2